00651 2200181 4500245008700000020002200087250001100109100002400120700001600144650001100160005001900171260002700190041001400217084001100231300002500242500019300267336000900460 aMazhab Cinta b : Buku Kecil tentang Keluarga Nabi SAWcH. B. Irawan MassiehText a978-979-24-3324-1 aCet. 1 aH. B. Irawan Massie aTim Lentera aMahzab a20240507125543 aJakartabLenterac2007 aIndonesia a297.63 a216 hlm. :c20.5 cm. aBuku ini memberikan studi banding antara Syiah dan sunni, sebagai sebuah upaya untuk mendekatkan dua kelompok yang terkenal dalam sejarah Islam sebagai dua kelompok yang sering bermusuhan. atext